[Event "Casabermeja op"]
[Site "Casabermeja"]
[Date "2021.09.11"]
[Round "5"]
[White "Buettgenbach, Uwe Eugen"]
[Black "Munoz Jorva, Miguel Angel"]
[Result "0-1"]
[WhiteElo "1560"]
[BlackElo "1738"]
[PlyCount "96"]
[EventDate "2021.09.09"]
[EventType "swiss"]
[EventRounds "7"]
[EventCountry "ESP"]
[SourceTitle "CBM 204 Extra"]
[Source "ChessBase"]
[SourceDate "2021.11.30"]
[SourceVersion "1"]
[SourceVersionDate "2021.11.30"]
[SourceQuality "1"]

1. e4 d5 2. Nc3 d4 3. Nb1 e5 4. f4 exf4 5. Nf3 Bg4 6. Bc4 Be6 7. Qe2 Nc6 8. Bxe6 fxe6 9. e5 d3 10. Qe4 Nge7 11. cxd3 Nf5 12. 0-0 Bc5+ 13. d4 Nfxd4 14. Kh1 Nxf3 15. Rxf3 Qd4 16. Qe1 Nb4 17. Qf1 0-0 18. Na3 a6 19. d3 Nd5 20. Nc2 Qxe5 21. Rb1 Ne3 22. Qe1 Bd4 23. Nxd4 Qxd4 24. Bd2 Rad8 25. Bc3 Qxd3 26. h3 Qg6 27. Qg1 Nxg2 28. Rbf1 Ne3 29. Qxg6 hxg6 30. Rg1 Nd5 31. Be5 Rf5 32. Bd4 e5 33. Bf2 Kf7 34. Bh4 Rd7 35. Bg5 Nf6 36. h4 Nh5 37. Rc1 c6 38. Rc4 Rd1+ 39. Kh2 Rd2+ 40. Kh3 Rd4 41. Rc5 Ke6 42. Rb3 Rd7 43. Rc2 e4 44. Kg2 e3 45. Kf3 Re5 46. Re2 Ng3 47. Bxf4 Nxe2 48. Bxe5 Ng1+ 0-1

[Event "Davos op 19th"]
[Site "Davos"]
[Date "2020.08.07"]
[Round "1"]
[White "Buettgenbach, Uwe Eugen"]
[Black "Zoldan, Matteo"]
[Result "0-1"]
[WhiteElo "1617"]
[BlackElo "2102"]
[PlyCount "66"]
[EventDate "2020.08.07"]
[EventType "swiss"]
[EventRounds "5"]
[EventCountry "SUI"]
[SourceTitle "CBM 197 Extra"]
[Source "ChessBase"]
[SourceDate "2020.09.30"]
[SourceVersion "1"]
[SourceVersionDate "2020.09.30"]
[SourceQuality "1"]

1. e4 c5 2. f4 d5 3. e5 Nc6 4. c3 Qb6 5. Qf3 e6 6. Bd3 Nge7 7. h4 h5 8. Ne2 Bd7 9. Na3 a6 10. Bc2 0-0-0 11. Qf2 f6 12. exf6 gxf6 13. b4 Ng8 14. bxc5 Bxc5 15. d4 Bd6 16. Rb1 Qa5 17. Rb3 Nh6 18. 0-0 Ng4 19. Qf3 e5 20. c4 e4 21. Qc3 Bb4 22. Qb2 f5 23. cxd5 Bxa3 24. Rxa3 Qxd5 25. Qc3 Qb5 26. Ng3 Qb6 27. Rd1 Kb8 28. Rb3 Qa5 29. Ba3 Qxc3 30. Rxc3 Be6 31. Bb3 Bxb3 32. axb3 Nxd4 33. Rc4 Ne2+ 0-1